| 000 | 00422nam a2200133Ia 4500 | ||
|---|---|---|---|
| 005 | 20260328104310.0 | ||
| 008 | 260328s9999||||xx |||||||||||||| ||und|| | ||
| 100 | _aMosquera Torres, Gilma | ||
| 245 | 0 |
_aVivienda y Arquitectura Tradicional en el Pacifico Colombiano. Patrimonio Cultural afrodescendiente / _cGilma Mosquera Torres |
|
| 260 | _bUniversidad del Valle | ||
| 300 | _a177 p. | ||
| 650 | _aCOLOMBIA | ||
| 942 | _cBK | ||
| 999 |
_c10926 _d10926 |
||